Ensayos de pedagogía crítica
保存先:
| 第一著者: | |
|---|---|
| フォーマット: | 図書 |
| 言語: | スペイン語 |
| 出版事項: |
Madrid
Popular
1997
|
| シリーズ: | Colección Proa
|
| 主題: | |
| タグ: |
タグ追加
タグなし, このレコードへの初めてのタグを付けませんか!
|
MARC
| LEADER | 00000nam a2200000 a 4500 | ||
|---|---|---|---|
| 001 | UCO6647 | ||
| 003 | CL-VaPUC | ||
| 008 | 001027e19970000SP |||||||||||||||||spa|d | ||
| 082 | 0 | 4 | |a 370.1 |b GOI |2 21 |
| 100 | 0 | |a Goikoetxea Pierola, J |e author |9 451460 | |
| 245 | 1 | 0 | |a Ensayos de pedagogía crítica |
| 300 | |a 167 p | ||
| 942 | |c BK | ||
| 945 | |d 20001027 00:00:00 |a vberengu | ||
| 260 | |a Madrid |b Popular |c 1997 | ||
| 650 | 0 | |a Desarrollo económico y social |9 256320 | |
| 650 | 7 | |a DESARROLLO EDUCACIONAL |2 CL-VaPUC |9 338398 | |
| 650 | 0 | |a Sociedad de la información |9 417579 | |
| 650 | 0 | |a Sociología de la educación |9 260380 | |
| 583 | |a last modification |c 20160428 09:44:38 |k Rodrigo Vera | ||
| 490 | 0 | |a Colección Proa | |
| 999 | |c 292126 |d 292124 | ||
| 952 | |0 0 |1 0 |4 0 |6 370_100000000000000_GOI_1997 |7 0 |8 A |9 342736 |a BIBEDU |b BIBEDU |d 2019-11-20 |i 3660540 |o 370.1 GOI 1997 |p 3660540 |r 2019-11-20 |w 2019-11-20 |y BK |k BME | ||